Statistics for EU Countries Containing E or U

Click here to take the quiz!

General Stats

  • This quiz has been taken 538 times
    (486 since last reset)
  • The average score is 15 of 18

Answer Stats

Country% Correct
Germany
94%
France
93%
Belgium
90%
Sweden
88%
Netherlands
87%
Denmark
86%
Luxembourg
85%
Czech Republic
84%
Ireland
84%
Portugal
83%
Greece
82%
Estonia
80%
Austria
78%
Hungary
78%
Slovenia
76%
Bulgaria
75%
Lithuania
75%
Cyprus
48%

Score Distribution

Percentile by Number Answered

Percent of People with Each Score

Your Score History

You have not taken this quiz since the last reset